Auditing, assurance services and ethics in Australia :an integrated approach / (Record no. 3459)
| 000 -LEADER | |
|---|---|
| fixed length control field | 01153cam a22003494a 4500 |
| 001 - CONTROL NUMBER | |
| control field | 14813888 |
| 003 - CONTROL NUMBER IDENTIFIER | |
| control field | OSt |
| 005 - DATE AND TIME OF LATEST TRANSACTION | |
| control field | 20161010130446.0 |
| 008 - FIXED-LENGTH DATA ELEMENTS--GENERAL INFORMATION | |
| fixed length control field | 070419s2008 njua b 001 0 eng |
| 010 ## - LIBRARY OF CONGRESS CONTROL NUMBER | |
| LC control number | 2007015945 |
| 020 ## - INTERNATIONAL STANDARD BOOK NUMBER | |
| International Standard Book Number | 9781442504752 |
| 040 ## - CATALOGING SOURCE | |
| Original cataloging agency | DLC |
| Transcribing agency | DLC |
| Modifying agency | DLC |
| 042 ## - AUTHENTICATION CODE | |
| Authentication code | pcc |
| 050 00 - LIBRARY OF CONGRESS CALL NUMBER | |
| Classification number | HF5667.A69 2010 |
| 082 00 - DEWEY DECIMAL CLASSIFICATION NUMBER | |
| Classification number | 657/.45 |
| Edition number | 22 |
| 100 1# - MAIN ENTRY--PERSONAL NAME | |
| Personal name | Arens, Alvin A. |
| 245 10 - TITLE STATEMENT | |
| Title | Auditing, assurance services and ethics in Australia :an integrated approach / |
| Statement of responsibility, etc | Alvin A. Arens...[et al] |
| 250 ## - EDITION STATEMENT | |
| Edition statement | 8th ed. |
| 260 ## - PUBLICATION, DISTRIBUTION, ETC. (IMPRINT) | |
| Place of publication, distribution, etc | Australia : |
| Name of publisher, distributor, etc | Pearson, |
| Date of publication, distribution, etc | c2010. |
| 300 ## - PHYSICAL DESCRIPTION | |
| Extent | xviii, 814 p. : |
| Other physical details | col. ill. ; 29 cm. |
| Accompanying material | 1Computer Disc (4 3/4 in) |
| 504 ## - BIBLIOGRAPHY, ETC. NOTE | |
| Bibliography, etc | Includes bibliographical references and index. |
| 650 #0 - SUBJECT ADDED ENTRY--TOPICAL TERM | |
| Topical term or geographic name as entry element | Auditing. |
| 700 ## - ADDED ENTRY--PERSONAL NAME | |
| Personal name | Best,Peter |
| 700 ## - ADDED ENTRY--PERSONAL NAME | |
| Personal name | Shailer,Greg |
| 700 ## - ADDED ENTRY--PERSONAL NAME | |
| Personal name | Fielder,Brenton |
| 700 ## - ADDED ENTRY--PERSONAL NAME | |
| Personal name | Elder |
| 700 ## - ADDED ENTRY--PERSONAL NAME | |
| Personal name | Beasley |
| 856 41 - ELECTRONIC LOCATION AND ACCESS | |
| Materials specified | Table of contents only |
| Uniform Resource Identifier | <a href="http://www.loc.gov/catdir/toc/ecip0715/2007015945.html">http://www.loc.gov/catdir/toc/ecip0715/2007015945.html</a> |
| 906 ## - LOCAL DATA ELEMENT F, LDF (RLIN) | |
| a | 7 |
| b | cbc |
| c | orignew |
| d | 1 |
| e | ecip |
| f | 20 |
| g | y-gencatlg |
| 942 ## - ADDED ENTRY ELEMENTS (KOHA) | |
| Source of classification or shelving scheme | |
| Koha item type | Book |
| Withdrawn status | Lost status | Source of classification or shelving scheme | Damaged status | Not for loan | Home library | Current library | Shelving location | Date acquired | Total Checkouts | Full call number | Barcode | Date last seen | Copy number | Price effective from | Koha item type |
|---|---|---|---|---|---|---|---|---|---|---|---|---|---|---|---|
| Riara University Library | Riara University Library | General stack | 10/10/2016 | HF5667.A69 2010 | 8606/16 | 10/10/2016 | C.1 | 10/10/2016 | Book | ||||||
| Riara University Library | Riara University Library | General stack | 10/10/2016 | HF5667.A69 2010 | 7840/16 | 10/10/2016 | C.2 | 10/10/2016 | Book |
